000 00442nam a2200169Ia 4500
008 230917s9999||||xx |||||||||||||| ||und||
020 _cRS300
040 _e223699
_aMAIN
041 _aEnglish
082 _a001.64 K156C
100 _aKathuria, Komal
245 0 _aComputer basic knowledge
260 _aNew Delhi
_bAnurodh Prakashan
_c2013
300 _a129 p.
500 _a1917 29/01/2015 RBP43580 31/01/2015 Main Budget
942 _cBK
999 _c14200
_d14200